Do oil prices depend on the value of US dollar?

Salvato in:
Dettagli Bibliografici
Autore principale: Obadi, Saleh Mothana
Natura: Capitolo di libro
Lingua:inglese
Soggetti:
Tags: Aggiungi Tag
Nessun Tag, puoi essere il primo ad aggiungerne!!

MARC

LEADER 00000naa$a2200000$$$4500
001 0044900
005 20231102105937.7
041 0 |a eng 
044 |a SK 
245 1 0 |a Do oil prices depend on the value of US dollar?  |c Saleh Mothana Obadi 
610 2 0 |a nafta 
610 2 0 |a ceny 
610 2 0 |a dolár 
610 2 0 |a hodnota 
610 2 0 |a kurz výmenný 
610 2 0 |a euro 
610 2 0 |a jen 
610 2 0 |a cena zlata 
610 2 0 |a OPEC 
100 1 |a Obadi, Saleh Mothana